| Tag |
First Indicator |
Second Indicator |
Subfields |
| LEADER |
00000cam a2200000 a 4500 |
| 001 |
in00001465713 |
| 005 |
20151021051424.0 |
| 008 |
990201s1977 gw a b 001 0 ger d |
| 035 |
|
|
|a (OCoLC)40709808
|
| 035 |
|
|
|9 AJE0027AM
|
| 040 |
|
|
|a TXA
|c TXA
|d UtOrBLW
|
| 041 |
1 |
|
|a ger
|h eng
|
| 049 |
|
|
|a TXAM
|
| 090 |
|
|
|a V857
|b .G3415 1977
|
| 100 |
1 |
|
|a Garrett, Richard.
|
| 245 |
1 |
0 |
|a U-boote /
|c Richard Garrett.
|
| 264 |
|
1 |
|a [Place of publication not identified] :
|b Pawlak,
|c [1977]
|
| 264 |
|
4 |
|c ©1977
|
| 300 |
|
|
|a 143 pages :
|b illustrations (some color) ;
|c 29 cm.
|
| 336 |
|
|
|a text
|b txt
|2 rdacontent
|
| 337 |
|
|
|a unmediated
|b n
|2 rdamedia
|
| 338 |
|
|
|a volume
|b nc
|2 rdacarrier
|
| 504 |
|
|
|a Bibliography: page 140.
|
| 500 |
|
|
|a Includes index.
|
| 536 |
|
|
|a Cushing Library copy is from the collection of John R. Hill, '44.
|
| 650 |
|
0 |
|a Submarines (Ships)
|x History.
|
| 650 |
|
0 |
|a Submarine warfare
|x History.
|
| 948 |
|
|
|a o:mkz
|
| 999 |
|
|
|a MARS
|
| 999 |
f |
f |
|s 337130a4-6ec1-3014-96d1-e0846cc91527
|i 8e1db7ef-9267-340f-b942-580ad7c66815
|t 0
|
| 952 |
f |
f |
|p noncirc
|a Texas A&M University
|b College Station
|c Cushing Memorial Library & Archives
|d Cushing: Ragan Military (Does not check out)
|t 0
|e V857 .G3415 1977
|h Library of Congress classification
|i unmediated -- volume
|
| 998 |
f |
f |
|a V857 .G3415 1977
|t 0
|l Cushing: Ragan Military (Does not check out)
|